Crisis management, regime survival and "Guerrilla-Style" policy-making: The June 1999 decision to radically expand higher education in China (Record no. 1318353)

MARC details
000 -LEADER
fixed length control field 00679nam a2200193Ia 4500
005 - DATE AND TIME OF LATEST TRANSACTION
control field 20250507130218.0
008 - FIXED-LENGTH DATA ELEMENTS--GENERAL INFORMATION
fixed length control field 008 250505s9999 xx 000 0 eng d
037 ## - SOURCE OF ACQUISITION
Stock number Series Article
040 ## - CATALOGING SOURCE
Original cataloging agency EASL
Language of cataloging eng
Transcribing agency EASL
041 ## - LANGUAGE CODE
Language code of text/sound track or separate title eng
Source of code eng
084 ## - COLON CLASSIFICATION NUMBER
Assigning agency EASL
100 ## - MAIN ENTRY--PERSONAL NAME
Personal name Wang Qinghua
9 (RLIN) 668888
245 #0 - TITLE STATEMENT
Title Crisis management, regime survival and "Guerrilla-Style" policy-making: The June 1999 decision to radically expand higher education in China
260 ## - PUBLICATION, DISTRIBUTION, ETC.
Place of publication, distribution, etc. Australia
Name of publisher, distributor, etc. Canberra Australian National University Australia
Date of publication, distribution, etc. 2014
300 ## - PHYSICAL DESCRIPTION
Extent 132-152 Pp.
650 ## - SUBJECT ADDED ENTRY--TOPICAL TERM
Topical term or geographic name entry element China; China - Higher Education
9 (RLIN) 755042
942 ## - ADDED ENTRY ELEMENTS (KOHA)
Koha item type

No items available.

Copyright @ Delhi University Library System